U.S. States with the most African Americans - Statistics

General Stats
  • This quiz has been taken 36 times
  • The average score is 13 of 15
Answer Stats
Hint Answer Total Population % of State % Correct
2 Florida 3,984,330 16.84%
100%
4 New York 3,504,250 17.52%
100%
1 Texas 4,259,840 13.27%
97%
5 California 2,847,960 7.24%
94%
3 Georgia 3,687,330 32.34%
94%
6 North Carolina 2,449,210 21.59%
94%
15 South Carolina 1,425,940 25.24%
88%
12 Michigan 1,553,240 15.29%
84%
11 Pennsylvania 1,706,770 13.06%
84%
8 Illinois 1,950,310 15.31%
81%
13 Louisiana 1,527,020 33.04%
81%
10 Ohio 1,744,370 14.61%
81%
14 New Jersey 1,436,010 14.97%
72%
9 Virginia 1,854,620 20.74%
72%
7 Maryland 2,016,090 32.08%
69%
No matching quizzes found
Score Distribution
Percent of People with Each Score
Percentile by Number Answered
Your Score History
You have not taken this quiz